000 00362nam a2200157Ia 4500
008 160316s2014 xxu||||| |||| 00| 0 eng d
082 _a823.000000
_bBHA-2
100 _aBhagat Chetan
245 _aHalf girlfriend
250 _a
260 _aNew Delhi
_bRupa & Co.
_c2014
300 _a260p
_b
_c
365 _b Gratis
650 _a1. Fiction
700 _a
_a
999 _c37713
_d37713